000 00414nam a2200145 i 4500
001 89324
003 ES-MaACL
007 t|
008 050110s1972 sp ||||1| baq d
245 0 0 _aLarresoro
_b: hizkuntza eta Pentsakera /
_cazala, Remigio Mendiburu.
260 _a[Bilbao :
_bMensajero,
_c1972]
300 _a144 p. ;
_c18 cm.
700 1 _aMendiburu, Remigio.
_980184
852 _aES-MaACL
_jE-8979
_bR.80817
999 _c89324
_d89324